000
00230nam a2200109Ia 4500
005
20251020182555.0
008
200515s9999 xx 000 0 und d
082
_a
R/801.3=20/S56
110
_a
SIMON
260
_c
s.a.
942
_c
LIB
999
_c
2867
_d
2867